000 00343nam a22001457a 4500
003 OSt
005 20240206163122.0
008 220330b xxu||||| |||| 00| 0 eng d
020 _a9789388818377
040 _cIIMT SCHOOL OF PHARMACEUTICAL SCIENCE
100 _aKAR,ASHUTOSH
245 _aPHARMACEUTICS-I
300 _a260
942 _2ddc
_c06
999 _c51466
_d51466